| 000 | 00588nam a2200181 a 4500 | ||
|---|---|---|---|
| 001 | 2176 | ||
| 003 | CO-ViMGA | ||
| 008 | 141112s2004 ck r 000 u spa d | ||
| 040 |
_aCO-ViMGA _bspa _cCO-ViMGA |
||
| 082 | 0 | 4 | _aAV904.5 N174f (VIDEO) |
| 100 | 1 |
_aNational Geographic Video _950935 |
|
| 245 | 1 | 0 |
_aLa furia de la naturaleza : _bdescubra el devastador poder del viento, el agua y la tierra Video VHS |
| 260 |
_aBogotá : _bVideo factory, _c1996 |
||
| 500 | _a1 Video casete de 60 minutos. | ||
| 650 | 1 | 4 |
_aCATASTROFES NATURALES - VIDEOS _950936 |
| 650 | 1 | 4 | _aVideo |
| 942 |
_2ddc _cBK |
||
| 999 |
_c14287 _d14287 |
||